| 000 | 01139cam a2200325 a 4500 | ||
|---|---|---|---|
| 001 | 731342 | ||
| 003 | ASAB | ||
| 005 | 20180827062654.0 | ||
| 008 | 980109s1998 enka b 001 0 eng d | ||
| 010 | _a 98120468 | ||
| 020 | _a0748404155 | ||
| 035 | _a(OCoLC)38178905 | ||
| 040 |
_aWMaF _cASAB _dDLC |
||
| 042 | _alccopycat | ||
| 050 | 0 | 4 |
_aSD541 _b.F66 1998 |
| 082 | 0 | 0 |
_a634.9/8 _221 |
| 245 | 0 | 0 |
_aForest products biotechnology / _cedited by Alan Bruce and John W. Palfreyman. |
| 260 |
_aLondon ; _aBristol, PA : _bTaylor & Francis, _cc1998. |
||
| 300 |
_aix, 326 p. : _bill. ; _c26 cm. |
||
| 504 | _aIncludes bibliographical references and index. | ||
| 650 | 0 |
_aForest products _xBiotechnology. _92093 |
|
| 650 | 0 |
_aForestry biotechnology. _92094 |
|
| 650 | 0 |
_aBioremediation. _92095 |
|
| 700 | 1 |
_aBruce, A. M. _92096 |
|
| 700 | 1 |
_aPalfreyman, John W. _92097 |
|
| 856 | 4 | 2 |
_3Publisher description _uhttp://www.loc.gov/catdir/enhancements/fy0745/98120468-d.html |
| 906 |
_a7 _bcbc _ccopycat _d2 _encip _f19 _gy-gencatlg |
||
| 942 |
_2ddc _cBK |
||
| 999 |
_c480208 _d480208 |
||